Metodika certifikácie a auditovania podnikových manažérskych systémov diplomová práca

Na minha lista:
Detalhes bibliográficos
Autor principal: Szanyiová, Csilla
Autor Corporativo: Podnikovohospodárska fakulta EU so sídlom v Košiciach. Katedra manažmentu
Outros Autores: Szaryszová, Petra, 1984-
Formato: Livro
Idioma:eslovaco
Publicado em: Košice 2014
Tags: Adicionar Tag
Sem tags, seja o primeiro a adicionar uma tag!

MARC

LEADER 00000nbm a2200000 4500
001 0187023
005 20170201084701.1
041 0 |a slo 
044 |a SK 
245 1 0 |a Metodika certifikácie a auditovania podnikových manažérskych systémov  |b diplomová práca  |c Csilla Szanyiová ; školiteľ: Petra Szaryszová 
264 1 |a Košice  |c 2014 
300 |a 77 s. 
100 1 |a Szanyiová, Csilla 
700 1 |a Szaryszová, Petra, 1984- 
710 2 |a Podnikovohospodárska fakulta EU so sídlom v Košiciach. Katedra manažmentu